[Event "Pardubice op-A"]
[Site "Pardubice"]
[Date "2005.07.24"]
[Round "3"]
[White "Shirjaev, Alexandr"]
[Black "Gutman, Gennadi"]
[Result "0-1"]
[WhiteElo "2311"]
[BlackElo "2508"]
[PlyCount "120"]
[EventDate "2005.07.22"]
[EventType "swiss"]
[EventRounds "9"]
[EventCountry "CZE"]
[SourceTitle "CBM 107 Extra"]
[Source "ChessBase"]
[SourceDate "2005.09.01"]
[SourceVersion "1"]
[SourceVersionDate "2005.09.01"]
[SourceQuality "1"]

1. e4 e6 2. d4 d5 3. Nc3 Bb4 4. e5 c5 5. a3 Bxc3+ 6. bxc3 Ne7 7. Qg4 Kf8 8. Nf3
Qa5 9. Bd2 Qa4 10. c4 Qxc2 11. dxc5 Nbc6 12. cxd5 exd5 13. Qf4 Qe4+ 14. Be2 Bf5
15. Qxe4 dxe4 16. Nh4 Nd4 17. Bd1 Bd7 18. Be3 Ndf5 19. Nxf5 Nxf5 20. Bf4 Bc6
21. O-O Nd4 22. Be3 Rd8 23. Bg4 h5 24. Rfd1 hxg4 25. Rxd4 Rxd4 26. Bxd4 Ke7 27.
Be3 Ke6 28. Rd1 Bd5 29. Bd4 Rc8 30. h3 gxh3 31. gxh3 Rc6 32. Kh2 Ra6 33. Bb2
Ra5 34. Rc1 Rb5 35. Bd4 Bc6 36. Rc3 Kd5 37. e6 f6 38. Be3 Kxe6 39. Kg3 Rb1 40.
Bc1 a5 41. h4 a4 42. Kf4 g6 43. Bd2 Rd1 44. Rc2 Rh1 45. Kg3 Rg1+ 46. Kf4 f5 47.
Ke3 Rh1 48. Rc1 Rh3+ 49. Ke2 Bb5+ 50. Kd1 Rxa3 51. Rc3 Rxc3 52. Bxc3 Kd5 53.
Kc2 Kxc5 54. Bg7 Kc4 55. Bf6 Bc6 56. Bg7 b5 57. Bf6 b4 58. Be5 Bd5 59. Kd2 a3
60. Kc2 b3+ 0-1

[Event "Pardubice op-A"]
[Site "Pardubice"]
[Date "2005.07.25"]
[Round "4"]
[White "Gutman, Gennadi"]
[Black "Jirka, Jiri"]
[Result "1-0"]
[WhiteElo "2508"]
[BlackElo "2391"]
[PlyCount "37"]
[EventDate "2005.07.22"]
[EventType "swiss"]
[EventRounds "9"]
[EventCountry "CZE"]
[SourceTitle "CBM 107 Extra"]
[Source "ChessBase"]
[SourceDate "2005.09.01"]
[SourceVersion "1"]
[SourceVersionDate "2005.09.01"]
[SourceQuality "1"]

1. c4 Nf6 2. Nc3 c6 3. e4 e5 4. Nf3 Qa5 5. Be2 Bc5 6. Nxe5 Bxf2+ 7. Kxf2 Qxe5
8. d4 Nxe4+ 9. Nxe4 Qxe4 10. Bf3 Qf5 11. Re1+ Kd8 12. Re5 Qg6 13. Bg5+ Kc7 14.
Bh5 f6 15. Bxg6 hxg6 16. Bf4 fxe5 17. dxe5 b6 18. e6+ Kb7 19. Bxb8 1-0

[Event "Pardubice op-A"]
[Site "Pardubice"]
[Date "2005.07.27"]
[Round "6"]
[White "Gutman, Gennadi"]
[Black "Kryvoruchko, Yuriy"]
[Result "1-0"]
[WhiteElo "2508"]
[BlackElo "2476"]
[PlyCount "129"]
[EventDate "2005.07.22"]
[EventType "swiss"]
[EventRounds "9"]
[EventCountry "CZE"]
[SourceTitle "CBM 107 Extra"]
[Source "ChessBase"]
[SourceDate "2005.09.01"]
[SourceVersion "1"]
[SourceVersionDate "2005.09.01"]
[SourceQuality "1"]

1. d4 Nf6 2. Nf3 c5 3. e3 e6 4. c4 cxd4 5. exd4 d5 6. Nc3 Be7 7. Bd3 dxc4 8.
Bxc4 Nc6 9. O-O O-O 10. a3 b6 11. Qd3 Bb7 12. Bg5 Nd5 13. Bxd5 Bxg5 14. Be4 h6
15. d5 exd5 16. Nxd5 Qd6 17. Rad1 Ne5 18. Nxe5 Qxe5 19. f4 Bxf4 20. Bh7+ Kh8
21. Nxf4 Rad8 22. Qf5 Qe3+ 23. Kh1 Rxd1 24. Rxd1 Re8 25. h3 Be4 26. Qxf7 Bxh7
27. Rd7 Qe1+ 28. Kh2 Qe5 29. Rxa7 Bf5 30. Qc7 Qxb2 31. Nh5 Rg8 32. Qg3 Qd4 33.
Re7 Kh7 34. Rf7 Be6 35. Re7 Bf5 36. Qf4 Qxf4+ 37. Nxf4 Ra8 38. g4 Bc2 39. Nh5
Rxa3 40. Rxg7+ Kh8 41. Rb7 Rb3 42. Nf6 b5 43. h4 Rf3 44. Rb8+ Kg7 45. Nh5+ Kh7
46. Rb7+ Kg8 47. Rxb5 Bg6 48. Ng3 Rf4 49. Kh3 Rd4 50. Rb8+ Kf7 51. Rb6 Kg7 52.
Rb3 Kf7 53. Re3 Kg7 54. h5 Bc2 55. Kh4 Kf7 56. Ne2 Rb4 57. Rf3+ Kg7 58. Nf4 Bb3
59. Nd3 Bd1 60. Nxb4 Bxf3 61. Kg3 Bd1 62. Kf4 Kf6 63. Nd5+ Ke6 64. Ne3 Be2 65.
Nf5 1-0

[Event "Pardubice op-E"]
[Site "Pardubice"]
[Date "2006.07.16"]
[Round "4"]
[White "Gutman, Gennadi"]
[Black "Smirnov, Igor"]
[Result "1-0"]
[WhiteElo "2513"]
[BlackElo "2450"]
[PlyCount "67"]
[EventDate "2006.07.13"]
[EventType "swiss"]
[EventRounds "7"]
[EventCountry "CZE"]
[SourceTitle "CBM 113 Extra"]
[Source "ChessBase"]
[SourceDate "2006.09.14"]
[SourceVersion "1"]
[SourceVersionDate "2006.09.14"]
[SourceQuality "1"]

1. d4 Nf6 2. Nf3 e6 3. c4 b6 4. Nc3 Bb7 5. a3 d5 6. cxd5 Nxd5 7. e3 Nxc3 8.
bxc3 Be7 9. Bb5+ c6 10. Bd3 O-O 11. O-O c5 12. Qc2 h6 13. Qe2 Nc6 14. Bb2 Rc8
15. Rad1 cxd4 16. cxd4 Na5 17. e4 Qc7 18. Ne5 Nc6 19. Ng4 h5 20. Ne3 g6 21. f4
Rcd8 22. d5 exd5 23. Nxd5 Qd6 24. Kh1 Na5 25. Bb1 Bxd5 26. Rxd5 Qc7 27. Rxh5
gxh5 28. Qxh5 f6 29. Qg6+ Kh8 30. e5 Bxa3 31. Bxa3 Rf7 32. e6 Rg7 33. Qxf6 Nc4
34. e7 1-0

[Event "Pardubice op-A"]
[Site "Pardubice"]
[Date "2006.07.28"]
[Round "8"]
[White "Nuesken, Nikolas"]
[Black "Gutman, Gennadi"]
[Result "0-1"]
[WhiteElo "2339"]
[BlackElo "2513"]
[PlyCount "84"]
[EventDate "2006.07.21"]
[EventType "swiss"]
[EventRounds "9"]
[EventCountry "CZE"]
[SourceTitle "CBM 113 Extra"]
[Source "ChessBase"]
[SourceDate "2006.09.14"]
[SourceVersion "1"]
[SourceVersionDate "2006.09.14"]
[SourceQuality "1"]

1. e4 c5 2. Nf3 d6 3. d4 cxd4 4. Nxd4 Nf6 5. Nc3 Nc6 6. Bg5 e6 7. Qd2 Be7 8.
O-O-O O-O 9. f4 Nxd4 10. Qxd4 Qa5 11. Bc4 h6 12. Bh4 e5 13. fxe5 dxe5 14. Qd3
Bg4 15. Rdf1 Be6 16. Bxf6 Bxf6 17. Nd5 Bd8 18. Kb1 Qc5 19. Rf3 Rc8 20. Bb3 b5
21. Ne3 Bg5 22. Rhf1 Bc4 23. Bxc4 bxc4 24. Qc3 Bxe3 25. Qxe3 Qa5 26. Qc3 Qb5
27. g4 Rcd8 28. Rf5 f6 29. h4 Qc6 30. Qe3 Rd4 31. Re1 Rb8 32. c3 Rd3 33. Qxa7
Qd6 34. Qa4 Rxc3 35. Rd1 Qb6 36. Rd2 Qe3 37. Qd1 Qxe4+ 38. Ka1 Rd3 39. Rxd3
cxd3 40. Rf2 Qd4 41. Rd2 e4 42. Qb1 Rd8 0-1

[Event "Cappelle op 24th"]
[Site "Cappelle la Grande"]
[Date "2008.02.22"]
[Round "8"]
[White "Kuipers, Stefan"]
[Black "Gutman, Gennadi"]
[Result "0-1"]
[WhiteElo "2302"]
[BlackElo "2496"]
[PlyCount "64"]
[EventDate "2008.02.16"]
[EventType "swiss"]
[EventRounds "9"]
[EventCountry "FRA"]
[SourceTitle "CBM 122 Extra"]
[Source "ChessBase"]
[SourceDate "2008.03.04"]
[SourceVersion "1"]
[SourceVersionDate "2008.03.04"]
[SourceQuality "1"]

1. e4 c5 2. Nf3 d6 3. d4 cxd4 4. Nxd4 Nf6 5. Nc3 Nc6 6. Bg5 e6 7. Qd2 a6 8.
O-O-O Bd7 9. f3 h6 10. Be3 b5 11. g4 Ne5 12. h4 b4 13. Nb1 d5 14. exd5 Nxd5 15.
Be2 Qc7 16. f4 Nc4 17. Bxc4 Qxc4 18. f5 Bd6 19. fxe6 fxe6 20. Rhf1 Rf8 21.
Rxf8+ Bxf8 22. Qd3 Qxd3 23. Rxd3 Be7 24. Bf2 Nf6 25. Rg3 e5 26. Nf5 Bxf5 27.
gxf5 Ne4 28. Rg2 Nxf2 29. Rxf2 Bxh4 30. Re2 Bg3 31. Nd2 Bf4 32. Kd1 Rd8 0-1

[Event "Pardubice Chladek&Tintera op-A 19th"]
[Site "Pardubice"]
[Date "2008.07.20"]
[Round "3"]
[White "Gutman, Gennadi"]
[Black "Morozov, Dmitry"]
[Result "1-0"]
[WhiteElo "2497"]
[BlackElo "2351"]
[PlyCount "136"]
[EventDate "2008.07.18"]
[EventType "swiss"]
[EventRounds "9"]
[EventCountry "CZE"]
[SourceTitle "CBM 125 Extra"]
[Source "ChessBase"]
[SourceDate "2008.09.01"]
[SourceVersion "1"]
[SourceVersionDate "2008.09.01"]
[SourceQuality "1"]

1. d4 Nf6 2. Nf3 g6 3. c4 Bg7 4. Nc3 O-O 5. e4 d6 6. Be2 e5 7. Be3 Na6 8. O-O
Ng4 9. Bg5 Qe8 10. h3 h6 11. Bc1 Nf6 12. dxe5 dxe5 13. Be3 Qe7 14. Nd5 Qd8 15.
Nd2 Nd7 16. a3 Ndc5 17. Nb4 Be6 18. Qc2 c6 19. Nxa6 Nxa6 20. c5 Nc7 21. Nc4 Nb5
22. Nd6 Nxd6 23. Rfd1 Qf6 24. Rxd6 Rfd8 25. Rad1 Bf8 26. R6d2 Qe7 27. Qc3 Rxd2
28. Rxd2 Qc7 29. h4 Re8 30. h5 g5 31. b4 Be7 32. g4 Rd8 33. Rxd8+ Bxd8 34. f3
a6 35. Kf2 Kf8 36. a4 Kg8 37. Qa1 Be7 38. Qc3 Bd8 39. Ke1 Kf8 40. Kd2 Qd7+ 41.
Kc2 Bc7 42. Qb2 Qd8 43. Qa1 Qa8 44. f4 f6 45. fxg5 fxg5 46. Qf1+ Ke7 47. Bc4
Qg8 48. Bxe6 Qxe6 49. Qf5 Qxf5 50. exf5 Kf7 51. Kd3 Kf6 52. Kc4 Kf7 53. b5 Ba5
54. bxa6 bxa6 55. Kd3 Be1 56. Bc1 Bf2 57. Bb2 Kf6 58. Kc4 Bg3 59. Bc3 Bh2 60.
Kd3 Bg1 61. Kc4 Bf2 62. Kb4 Be3 63. Ka5 Bxc5 64. Kxa6 Bd4 65. Be1 e4 66. a5 Ke5
67. Kb7 Kf4 68. a6 Kxg4 1-0

[Event "Pardubice Chladek&Tintera op-A 19th"]
[Site "Pardubice"]
[Date "2008.07.22"]
[Round "5"]
[White "Gutman, Gennadi"]
[Black "Tjurin, Alexander P"]
[Result "1-0"]
[WhiteElo "2497"]
[BlackElo "2340"]
[PlyCount "87"]
[EventDate "2008.07.18"]
[EventType "swiss"]
[EventRounds "9"]
[EventCountry "CZE"]
[SourceTitle "CBM 125 Extra"]
[Source "ChessBase"]
[SourceDate "2008.09.01"]
[SourceVersion "1"]
[SourceVersionDate "2008.09.01"]
[SourceQuality "1"]

1. d4 Nf6 2. c4 e5 3. dxe5 Ng4 4. Bf4 g5 5. Bg3 Nc6 6. Nf3 Bg7 7. h4 Ngxe5 8.
Nxe5 Nxe5 9. hxg5 Nxc4 10. Nc3 c6 11. e4 d5 12. Bxc4 dxc4 13. Qxd8+ Kxd8 14.
O-O-O+ Ke8 15. Rh4 Be6 16. Rdh1 Rd8 17. Rxh7 Rxh7 18. Rxh7 Kf8 19. Rh1 Rd3 20.
Kc2 b5 21. Rd1 Rxd1 22. Nxd1 Ke7 23. f4 Bg4 24. Ne3 Be2 25. Kd2 Bd3 26. Nf5+
Kf8 27. Nxg7 Kxg7 28. Ke3 Bf1 29. Kf3 a5 30. f5 b4 31. Bc7 a4 32. Bd6 c3 33.
Bxb4 c2 34. Bd2 Bc4 35. a3 c5 36. Kf4 Bb5 37. e5 Bc6 38. g4 Bb5 39. Be3 Be2 40.
g6 fxg6 41. Kg5 gxf5 42. gxf5 Bf1 43. e6 Bh3 44. Bf4 1-0

[Event "Pardubice Chladek&Tintera op-A 19th"]
[Site "Pardubice"]
[Date "2008.07.23"]
[Round "6"]
[White "Jirka, Jiri"]
[Black "Gutman, Gennadi"]
[Result "0-1"]
[WhiteElo "2457"]
[BlackElo "2497"]
[PlyCount "64"]
[EventDate "2008.07.18"]
[EventType "swiss"]
[EventRounds "9"]
[EventCountry "CZE"]
[SourceTitle "CBM 125 Extra"]
[Source "ChessBase"]
[SourceDate "2008.09.01"]
[SourceVersion "1"]
[SourceVersionDate "2008.09.01"]
[SourceQuality "1"]

1. d4 Nf6 2. c4 e6 3. g3 Bb4+ 4. Bd2 Qe7 5. Bg2 Nc6 6. Nf3 Bxd2+ 7. Nbxd2 d6 8.
O-O a5 9. e4 e5 10. d5 Nb8 11. c5 O-O 12. cxd6 cxd6 13. Rc1 Na6 14. Nc4 Bg4 15.
Nxa5 Nxe4 16. h3 Bh5 17. Qe2 f5 18. a3 Nc7 19. b4 Nxd5 20. Qb5 Bf7 21. Nh4 Nec3
22. Qxb7 Qf6 23. Rfe1 e4 24. Bf1 f4 25. Nc4 e3 26. fxe3 fxg3 27. Bg2 Qxh4 28.
e4 Rab8 29. Qa7 Nb5 30. Qd7 Nf4 31. Nxd6 Nxd6 32. Qxd6 Rbd8 0-1

[Event "Pardubice Chladek&Tintera op-A 19th"]
[Site "Pardubice"]
[Date "2008.07.26"]
[Round "9"]
[White "Gutman, Gennadi"]
[Black "Khmelniker, Ilya"]
[Result "1-0"]
[WhiteElo "2497"]
[BlackElo "2448"]
[PlyCount "81"]
[EventDate "2008.07.18"]
[EventType "swiss"]
[EventRounds "9"]
[EventCountry "CZE"]
[SourceTitle "CBM 125 Extra"]
[Source "ChessBase"]
[SourceDate "2008.09.01"]
[SourceVersion "1"]
[SourceVersionDate "2008.09.01"]
[SourceQuality "1"]

1. d4 Nf6 2. Nf3 g6 3. c4 Bg7 4. Nc3 d5 5. Qb3 dxc4 6. Qxc4 O-O 7. e4 Bg4 8.
Be3 Nfd7 9. Rd1 Nb6 10. Qb3 e6 11. Be2 Nc6 12. e5 Qe7 13. h3 Bxf3 14. Bxf3 Na5
15. Qc2 c5 16. b3 cxd4 17. Bxd4 Rfd8 18. O-O Rac8 19. Qb2 Rxd4 20. Rxd4 Bxe5
21. Rd3 Qf6 22. Rc1 Kg7 23. g3 Nc6 24. Bxc6 Rxc6 25. Qd2 Qf5 26. Kg2 Nd5 27.
Rf3 Bxc3 28. Rcxc3 Rxc3 29. Rxf5 gxf5 30. Qd4+ Kg6 31. Qxa7 b6 32. Qb8 Kg7 33.
Qe5+ Kg6 34. Qh8 Nf6 35. Qb8 Rc2 36. a4 Nd5 37. Qg8+ Kf6 38. Qxh7 Ne3+ 39. Kg1
Nd1 40. Qh6+ Ke7 41. Qh4+ 1-0

[Event "Pardubice Czech op-A"]
[Site "Pardubice"]
[Date "2009.07.31"]
[Round "8"]
[White "Schuh, Dirk"]
[Black "Gutman, Gennadi"]
[Result "0-1"]
[WhiteElo "2304"]
[BlackElo "2508"]
[PlyCount "54"]
[EventDate "2009.07.24"]
[EventType "swiss"]
[EventRounds "9"]
[EventCountry "CZE"]
[SourceTitle "CBM 131 Extra"]
[Source "ChessBase"]
[SourceDate "2009.09.03"]
[SourceVersion "2"]
[SourceVersionDate "2009.09.16"]
[SourceQuality "1"]

1. e4 c5 2. Nf3 Nc6 3. d4 cxd4 4. Nxd4 Nf6 5. Nc3 e6 6. Ndb5 Bb4 7. e5 Nxe5 8.
Bf4 d6 9. a3 Bxc3+ 10. Nxc3 O-O 11. Qd2 Nd5 12. Nxd5 exd5 13. Qxd5 Qf6 14. Be3
Be6 15. Qxb7 Rab8 16. Qe4 Bf5 17. Qf4 Rxb2 18. Ba6 Rb6 19. Be2 Nf3+ 20. Bxf3
Qxa1+ 21. Bd1 Rb1 22. Kd2 Bxc2 23. Kxc2 Rc8+ 24. Kd2 Qa2+ 25. Ke1 Rxd1+ 26.
Kxd1 Qb1+ 27. Bc1 Qc2+ 0-1

[Event "Pardubice Czech op-A 21st"]
[Site "Pardubice"]
[Date "2010.07.25"]
[Round "3"]
[White "Lahiri, Atanu"]
[Black "Gutman, Gennadi"]
[Result "0-1"]
[WhiteElo "2353"]
[BlackElo "2502"]
[PlyCount "54"]
[EventDate "2010.07.23"]
[EventType "swiss"]
[EventRounds "9"]
[EventCountry "CZE"]
[SourceTitle "CBM 137 Extra"]
[Source "ChessBase"]
[SourceDate "2010.09.01"]
[SourceVersion "1"]
[SourceVersionDate "2010.09.01"]
[SourceQuality "1"]

1. d4 Nf6 2. c4 e6 3. Nc3 Bb4 4. Qc2 O-O 5. a3 Bxc3+ 6. Qxc3 Qe8 7. g3 d6 8.
Nf3 b6 9. Bg2 Bb7 10. O-O Nbd7 11. b4 Ne4 12. Qe3 f5 13. Ng5 Ndf6 14. Nxe4 Bxe4
15. Bxe4 fxe4 16. Bb2 Qh5 17. f3 d5 18. Rac1 Rf7 19. Kg2 Raf8 20. h3 Qg6 21.
fxe4 Nxe4 22. Rg1 Rf2+ 23. Kh1 Qh5 24. g4 Rxe2 25. gxh5 Rxe3 26. Rg2 Rxh3+ 27.
Kg1 Ng3 0-1

[Event "Pardubice op rap 22nd"]
[Site "Pardubice"]
[Date "2011.07.20"]
[Round "2"]
[White "Havlik, Jan"]
[Black "Gutman, Gennadi"]
[Result "0-1"]
[WhiteElo "2315"]
[BlackElo "2501"]
[PlyCount "98"]
[EventDate "2011.07.20"]
[EventType "swiss (rapid)"]
[EventRounds "9"]
[EventCountry "CZE"]
[SourceTitle "CBM 143 Extra"]
[Source "ChessBase"]
[SourceDate "2011.08.29"]
[SourceVersion "1"]
[SourceVersionDate "2011.08.29"]
[SourceQuality "1"]

1. e4 c5 2. Nf3 Nc6 3. d4 cxd4 4. Nxd4 Nf6 5. Nc3 e6 6. Ndb5 d6 7. Bf4 e5 8.
Bg5 a6 9. Na3 b5 10. Nd5 Be7 11. Bxf6 Bxf6 12. c3 Bg5 13. Nc2 O-O 14. a4 bxa4
15. Rxa4 a5 16. Bc4 Rb8 17. Ra2 Kh8 18. Nce3 Be6 19. h4 Bh6 20. g4 Bxe3 21.
Nxe3 Ne7 22. h5 h6 23. Bd5 Nxd5 24. Nxd5 Qg5 25. Rg1 Bxd5 26. exd5 e4 27. Qd2
Qh4 28. Qe3 f5 29. gxf5 Rxf5 30. Rxa5 Rbf8 31. Qg3 Qe7 32. Ra4 Rf3 33. Qg6 e3
34. fxe3 Qxe3+ 35. Kd1 R3f7 36. Kc2 Rb7 37. b4 Rc8 38. Ra3 Qe5 39. Qe6 Qh2+ 40.
Kb3 Rxb4+ 41. Kxb4 Qb2+ 42. Rb3 Rb8+ 43. Kc4 Qxb3+ 44. Kd3 Qb5+ 45. Kd2 Re8 46.
Rb1 Qa4 47. Qg6 Qa2+ 48. Kd1 Qxd5+ 49. Kc1 Re1+ 0-1

[Event "Pardubice op rap 22nd"]
[Site "Pardubice"]
[Date "2011.07.20"]
[Round "3"]
[White "Gutman, Gennadi"]
[Black "Yuffa, Daniil"]
[Result "1-0"]
[WhiteElo "2501"]
[BlackElo "2302"]
[PlyCount "109"]
[EventDate "2011.07.20"]
[EventType "swiss (rapid)"]
[EventRounds "9"]
[EventCountry "CZE"]
[SourceTitle "CBM 143 Extra"]
[Source "ChessBase"]
[SourceDate "2011.08.29"]
[SourceVersion "1"]
[SourceVersionDate "2011.08.29"]
[SourceQuality "1"]

1. d4 Nf6 2. Nf3 g6 3. c4 Bg7 4. Nc3 O-O 5. e4 d6 6. Be2 e5 7. dxe5 dxe5 8.
Qxd8 Rxd8 9. Bg5 c6 10. Nxe5 Re8 11. O-O-O Na6 12. f4 h6 13. Bh4 Nc5 14. Bf3 g5
15. Bf2 Ne6 16. f5 Nf4 17. Nd3 Nxd3+ 18. Rxd3 g4 19. Bd1 Nxe4 20. Nxe4 Rxe4 21.
Rd8+ Kh7 22. Re1 Rxc4+ 23. Kd2 Bf6 24. Rde8 b6 25. Bb3 Bg5+ 26. Be3 Rd4+ 27.
Kc3 Rd3+ 28. Kxd3 Ba6+ 29. Kd2 Rxe8 30. Bxg5 Rxe1 31. Kxe1 hxg5 32. Bxf7 Bd3
33. Bg6+ Kg7 34. Kf2 Kf6 35. Kg3 Bxf5 36. Bh5 c5 37. Bxg4 Bb1 38. a3 b5 39. Kf3
Ke5 40. Ke3 b4 41. axb4 cxb4 42. g3 a5 43. Bd1 Kd5 44. h4 gxh4 45. gxh4 Bh7 46.
h5 Kc4 47. h6 b3 48. Be2+ Kb4 49. Bd3 Bg8 50. Kd4 a4 51. Ke5 a3 52. bxa3+ Kxa3
53. Kf6 b2 54. Kg7 Bc4 55. Bg6 1-0

[Event "Pardubice Czech op 22nd"]
[Site "Pardubice"]
[Date "2011.07.27"]
[Round "6"]
[White "Jasny, Stanislav"]
[Black "Gutman, Gennadi"]
[Result "0-1"]
[WhiteElo "2366"]
[BlackElo "2501"]
[PlyCount "60"]
[EventDate "2011.07.22"]
[EventType "swiss"]
[EventRounds "9"]
[EventCountry "CZE"]
[SourceTitle "CBM 143 Extra"]
[Source "ChessBase"]
[SourceDate "2011.08.29"]
[SourceVersion "1"]
[SourceVersionDate "2011.08.29"]
[SourceQuality "1"]

1. e4 c5 2. Nf3 e6 3. d4 cxd4 4. Nxd4 Nf6 5. Nc3 Nc6 6. Be2 Bb4 7. O-O Bxc3 8.
bxc3 Nxe4 9. Qd3 Nc5 10. Qg3 O-O 11. Ba3 b6 12. Rab1 Na5 13. Rfd1 d5 14. c4 Ne4
15. Qf3 Re8 16. cxd5 exd5 17. c4 Ba6 18. cxd5 Ng5 19. Qg4 f5 20. Qxf5 Bxe2 21.
Re1 g6 22. Qf4 Re4 23. Nxe2 Rxf4 24. Nxf4 Qf6 25. Ne6 Nc4 26. Bb4 Nxe6 27. Rxe6
Qd4 28. Rbe1 a5 29. Be7 Qxd5 30. Bf6 Kf7 0-1

[Event "Pardubice Czech op-A 23rd"]
[Site "Pardubice"]
[Date "2012.07.26"]
[Round "7"]
[White "Goryachkina, Aleksandra"]
[Black "Gutman, Gennadi"]
[Result "0-1"]
[WhiteElo "2354"]
[BlackElo "2493"]
[PlyCount "124"]
[EventDate "2012.07.12"]
[EventType "swiss"]
[EventRounds "9"]
[EventCountry "CZE"]
[SourceTitle "CBM 149 Extra"]
[Source "ChessBase"]
[SourceDate "2012.08.24"]
[SourceVersion "1"]
[SourceVersionDate "2012.08.24"]
[SourceQuality "1"]

1. d4 Nf6 2. c4 e6 3. g3 Bb4+ 4. Bd2 c5 5. Bxb4 cxb4 6. Bg2 O-O 7. Nf3 d6 8.
O-O Qc7 9. Nbd2 e5 10. a3 bxa3 11. Rxa3 Nc6 12. d5 Nb4 13. Ne1 Bf5 14. e4 Bg4
15. Bf3 Bd7 16. Nc2 a5 17. Ne3 b6 18. Bg2 g6 19. f4 exf4 20. Rxf4 Qd8 21. Qf1
Nh5 22. Rf2 Qe7 23. c5 bxc5 24. Ndc4 Bb5 25. Qa1 Ra6 26. Rxa5 Nf6 27. Rxa6 Bxa6
28. e5 dxe5 29. b3 Bxc4 30. Nxc4 Nfxd5 31. Qxe5 Qxe5 32. Nxe5 Ne3 33. Bh3 f5
34. Re2 Nbd5 35. Nd7 Rc8 36. Kf2 Rc7 37. Nf6+ Nxf6 38. Rxe3 Ne4+ 39. Ke1 Ra7
40. Bg2 Ra1+ 41. Ke2 Ra2+ 42. Kf1 Nf6 43. h3 Rc2 44. Bf3 Kf7 45. Be2 Ne4 46.
Bd3 Rc1+ 47. Ke2 Nd6 48. g4 Kf6 49. gxf5 gxf5 50. Kd2 Rh1 51. Rf3 h5 52. Kc3 h4
53. b4 cxb4+ 54. Kd4 Rg1 55. Rf1 Rg3 56. Bb1 Kg5 57. Ke5 Nc4+ 58. Ke6 f4 59.
Rc1 Re3+ 60. Kd7 Ne5+ 61. Kd6 f3 62. Rc8 Nf7+ 0-1

[Event "Pardubice Czech op-A 25th"]
[Site "Pardubice"]
[Date "2014.07.20"]
[Round "3"]
[White "Gutman, Gennadi"]
[Black "Glantz, Robert"]
[Result "1-0"]
[WhiteElo "2479"]
[BlackElo "2317"]
[PlyCount "67"]
[EventDate "2014.07.18"]
[EventType "swiss"]
[EventRounds "9"]
[EventCountry "CZE"]
[SourceTitle "CBM 161 Extra"]
[Source "ChessBase"]
[SourceDate "2014.08.29"]
[SourceVersion "1"]
[SourceVersionDate "2014.08.29"]
[SourceQuality "1"]

1. d4 Nf6 2. Nf3 e6 3. c4 b6 4. Nc3 Bb4 5. Bg5 Bb7 6. e3 h6 7. Bh4 Bxc3+ 8.
bxc3 d6 9. Bd3 Nbd7 10. O-O g5 11. Bg3 Qe7 12. Nd2 O-O-O 13. e4 e5 14. Re1 h5
15. f3 Rdg8 16. Bf2 Ne8 17. Nf1 g4 18. Ne3 gxf3 19. Qxf3 h4 20. Nd5 Qe6 21. a4
Nef6 22. a5 Rg4 23. h3 Rg6 24. axb6 axb6 25. Ra7 Kb8 26. Rea1 Rhg8 27. Bf1 exd4
28. cxd4 Rg3 29. Bxg3 Rxg3 30. Qd1 Qxe4 31. Rxb7+ Kxb7 32. Qa4 Qxd4+ 33. Kh1
Kc8 34. Ne7+ 1-0

[Event "Pardubice Czech op-A 25th"]
[Site "Pardubice"]
[Date "2014.07.23"]
[Round "6"]
[White "Nayhebaver, Martin"]
[Black "Gutman, Gennadi"]
[Result "0-1"]
[WhiteElo "2307"]
[BlackElo "2479"]
[PlyCount "86"]
[EventDate "2014.07.18"]
[EventType "swiss"]
[EventRounds "9"]
[EventCountry "CZE"]
[SourceTitle "CBM 161 Extra"]
[Source "ChessBase"]
[SourceDate "2014.08.29"]
[SourceVersion "1"]
[SourceVersionDate "2014.08.29"]
[SourceQuality "1"]

1. e4 e6 2. d4 d5 3. Nd2 a6 4. Ngf3 c5 5. c3 cxd4 6. cxd4 dxe4 7. Nxe4 Bb4+ 8.
Bd2 Bxd2+ 9. Qxd2 Nf6 10. Nxf6+ Qxf6 11. Bd3 Nc6 12. O-O O-O 13. Rfe1 Rd8 14.
Re4 b5 15. Rf4 Qh6 16. Be4 Bb7 17. Qe3 f5 18. Bxc6 Bxc6 19. h4 Rac8 20. Ne5 Bd5
21. a4 b4 22. Nd3 a5 23. Nc5 Qf6 24. Re1 h6 25. Qg3 Kh7 26. h5 Qg5 27. Rh4 Qd2
28. Qg6+ Kh8 29. Re3 Rg8 30. b3 Rc6 31. Qf7 Rcc8 32. Qg6 Rcf8 33. Nd7 f4 34.
Nxf8 Rxf8 35. Rg4 Qxd4 36. Re1 Bxb3 37. Re4 Qa1+ 38. Kh2 Bc2 39. Rexf4 Qe5 40.
g3 Bf5 41. Rxf5 exf5 42. Rc4 Qe2 43. Rf4 Rf6 0-1

[Event "Pardubice Czech op-A 25th"]
[Site "Pardubice"]
[Date "2014.07.26"]
[Round "9"]
[White "Gutman, Gennadi"]
[Black "Musat, Adrian"]
[Result "1-0"]
[WhiteElo "2479"]
[BlackElo "2401"]
[PlyCount "75"]
[EventDate "2014.07.18"]
[EventType "swiss"]
[EventRounds "9"]
[EventCountry "CZE"]
[SourceTitle "CBM 161 Extra"]
[Source "ChessBase"]
[SourceDate "2014.08.29"]
[SourceVersion "1"]
[SourceVersionDate "2014.08.29"]
[SourceQuality "1"]

1. d4 Nf6 2. Nf3 e6 3. c4 d5 4. Nc3 Be7 5. Bg5 h6 6. Bh4 O-O 7. e3 b6 8. Qb3
Bb7 9. Bxf6 Bxf6 10. cxd5 exd5 11. Rd1 c6 12. Bd3 Na6 13. O-O c5 14. Bb1 c4 15.
Qc2 g6 16. Ne5 Nb4 17. Qd2 Nc6 18. f4 Bg7 19. e4 dxe4 20. Bxe4 Rc8 21. f5 Nxe5
22. Bxb7 Nd3 23. Bxc8 Qxd4+ 24. Kh1 Rxc8 25. fxg6 fxg6 26. Qe2 Rc5 27. Qe6+ Kh7
28. Ne4 Rc7 29. Rd2 Qe5 30. Nf6+ Bxf6 31. Qxf6 Qxf6 32. Rxf6 Kg7 33. Rd6 b5 34.
h3 Nc5 35. R2d5 b4 36. Rd4 Na4 37. b3 cxb3 38. axb3 1-0

[Event "Pardubice Czech op-A 26th"]
[Site "Pardubice"]
[Date "2015.07.26"]
[Round "3"]
[White "Gutman, Gennadi"]
[Black "Smolkov, Igor"]
[Result "1-0"]
[WhiteElo "2468"]
[BlackElo "2328"]
[PlyCount "97"]
[EventDate "2015.07.24"]
[EventType "swiss"]
[EventRounds "9"]
[EventCountry "CZE"]
[SourceTitle "CBM 167 Extra"]
[Source "ChessBase"]
[SourceDate "2015.09.14"]
[SourceVersion "1"]
[SourceVersionDate "2015.09.14"]
[SourceQuality "1"]

1. d4 Nf6 2. c4 g6 3. Nc3 Bg7 4. e4 d6 5. Be2 O-O 6. Nf3 Bg4 7. Be3 Nfd7 8. Rc1
e5 9. d5 a5 10. h3 Bxf3 11. Bxf3 f5 12. h4 f4 13. Bd2 Nc5 14. Qe2 Nba6 15. Rd1
Bf6 16. h5 Kg7 17. Kf1 Qe7 18. Be1 Rg8 19. Bg4 g5 20. f3 h6 21. Bf2 b6 22. Qc2
a4 23. Rd2 Nb4 24. Qb1 a3 25. bxa3 Nbd3 26. Rxd3 Nxd3 27. Qxd3 Rxa3 28. Ke2
Rga8 29. Rc1 Qe8 30. Rc2 Bd8 31. Qd1 Kh8 32. Be1 Kg7 33. Qb1 Kh8 34. Bd2 Kg7
35. Nb5 R3a4 36. Bb4 Kh8 37. a3 R4a6 38. Qh1 Kg7 39. Qh3 Qe7 40. Bc8 Ra4 41.
Bd7 R4a6 42. Bc6 Rb8 43. Kd3 Qf7 44. Kc3 Qe7 45. Kb3 Qf7 46. Qg4 Qe7 47. Bc3
Qf7 48. Rc1 Qe7 49. g3 1-0